| 000 | 01177nam a22002297a 4500 | ||
|---|---|---|---|
| 001 | BRCA_9289 | ||
| 003 | FranzMayer | ||
| 005 | 20230724114939.0 | ||
| 008 | 230724b |||||||| |||| 00| 0 eng d | ||
| 040 |
_aMFM _besp _cMFM |
||
| 050 | 4 |
_aLE43 _bE83 1748 |
|
| 082 | _2BX1895.C6 | ||
| 100 | 1 |
_4Autor _aEscolano, Dominico Nicolao _928941 |
|
| 240 | 1 |
_aNonnullae in varia juris canonici capita salmaticenses elucubrationes _hIn celeberrima Salmsnticenfi Academia ejufdem Juris publico Professore y pro obtinendis in cadem Universitate Cathedris antiquiori Decertatote _lLatín |
|
| 245 | 0 |
_aNonnullae in varia juris canonici capita salmaticenses elucubrationes _bIn celeberrima Salmsnticenfi Academia ejufdem Juris publico Professore y pro obtinendis in cadem Universitate Cathedris antiquiori Decertatote |
|
| 260 |
_bEx Typographia Congregationis Bone Mortis _c1748 |
||
| 300 |
_a457 p _c20 cm |
||
| 505 | 0 | _aTexto en: latínDirigido a: políticos, abogados, estudiantes de derecho.Incluye índice temático | |
| 650 | 1 |
_2Religión cirstiana _aCatolicismo _vIglesia _928942 |
|
| 651 | 2 |
_2Organización de la iglesia _aCardinales _vDerecho canónico _928943 |
|
| 942 |
_2lcc _cB |
||
| 999 |
_c10909 _d10909 |
||